Metafísica, gnoseologia y moral / (Record no. 18412)

000 -CABECERA
fixed length control field 00745nam a22001937a 4500
003 - IDENTIFICADOR DEL NÚMERO DE CONTROL
control field AR-CdUCM
008 - DATOS DE LONGITUD FIJA--INFORMACIÓN GENERAL
fixed length control field 190513b ||||| |||| 00| 0 spa d
040 ## - FUENTE DE LA CATALOGACIÓN
Agencia/entidad que catalogó originalmente la obra MUNICIPALIDAD PROVINCIAL DEL CUSCO
Entidad que transcribió la catalogación BIBLIOTECA MUNICIPAL DEL CUSCO
082 ## - NÚMERO DE LA CLASIFICACIÓN DECIMAL DEWEY
No. de Clasificación 110 /
Notacion interna S28
100 ## - ENTRADA PRINCIPAL--NOMBRE DE PERSONA
Nombre Personal Sciacca, Miguel F.
245 ## - MENCIÓN DE TÍTULO
Título Metafísica, gnoseologia y moral /
260 ## - PUBLICACIÓN, DISTRIBUCIÓN, ETC.
Fecha de publicación, distribución, etc. 1963.
Lugar de publicación, distribución, etc. Madrid :
Nombre de la editorial, distribuidor, etc. Gredos,
300 ## - DESCRIPCIÓN FÍSICA
Nº de Páginas Extensión 274 páginas ;
Dimensiones 20 cm.
440 ## - MENCIÓN DE SERIE/PUNTO DE ACCESO ADICIONAL--TÍTULO
Título Biblioteca hispánica de filosofía.
9 (RLIN) 38987
505 ## - NOTA DE CONTENIDO CON FORMATO
Nota de contenido formateada Contenido : Los fundamentos metafísicos y gnoseologicos -- La filosofía moral -- Las partes de la ética y la teoría de la voluntad -- La conciencia moral ...
650 ## - PUNTO DE ACCESO ADICIONAL DE MATERIA--TÉRMINO DE MATERIA
Descriptor Metafísica.
9 (RLIN) 2817
942 ## - ELEMENTOS DE PUNTO DE ACCESO ADICIONAL (KOHA)
Fuente de clasificación
Tipo de item Libros-BMC
945 ## - PROCESAMIENTO DE INFORMACIÓN LOCAL (OCLC)
Catalogador rum
AAAA-MM-DD - Fecha de ingreso o modificacion 2019-05-13
Holdings
Estado de retiro (separado) Fuente de clasificación o esquema de estanterías Estado dañado Ubicación Sala donde se ubica Nombre de la colección Fecha de adquisición o compra Costo, precio normal en soles Signatura topográfica Código de Barras Última vez visto (Koha) Tipo de ítem (Koha)
No     Sala Humanidades Sala Humanidades Book Cart 2019-05-13 20.00 110 / S28 SH0000013316 2019-05-13 Libros-BMC

Powered by Koha